00448nam a2200157Ia 45000010006000000050017000060080041000230410008000640820022000721000048000942450095001422600009002373000028002466500008002746540008002821959920260306172705.0260306t2017||||xx |||||||||||||| ||spa|| aESP a340.7bC75 Nº 24 aArana Courrejolles, María del CarmeneAUT 0aLa protección jurídica de los signos distintivos:bmarcas, nombres y lemas comerciales c2017 a176 páginas :c20 cm. aGEN aCDE